Central Sandinista de Trabajadores
El presente Proyecto persigue crear un espacio arquitectónico acorde a las actividades y necesidades de esa organización, contribuiría a maximizar la proyección social y las labores de la C. S. T. que actualmente están limitadas por falta de espacio y calidad éste.
| Main Author: | |
|---|---|
| Other Authors: | |
| Format: | Tesis Section = Libro |
| Language: | Undetermined Spanish |
| Published: |
Managua
Universidad Nacional Autónoma de Nicaragua (UNAN)
1980
|
| Subjects: |
| LEADER | 00944nam a2200205Ia 4500 | ||
|---|---|---|---|
| 008 | 240830s9999 xx 000 0 und d | ||
| 040 | |a BIBLIOTECA-RUSB/ Mon 725.94 M379 | ||
| 041 | |a spa | ||
| 082 | |a Mon 725.94 M379 | ||
| 100 | 1 | |a Martínez Espinoza, Aura Emilia | |
| 245 | 1 | 0 | |a Central Sandinista de Trabajadores |
| 260 | |a Managua |b Universidad Nacional Autónoma de Nicaragua (UNAN) |c 1980 | ||
| 300 | |a 220 p. :il. | ||
| 502 | |a Tesis (Arquitecto) - Universidad Nacional Autónoma de Nicaragua (UNAN), 1980. | ||
| 520 | 3 | |a El presente Proyecto persigue crear un espacio arquitectónico acorde a las actividades y necesidades de esa organización, contribuiría a maximizar la proyección social y las labores de la C. S. T. que actualmente están limitadas por falta de espacio y calidad éste. | |
| 650 | 7 | |a EDIFICIOS CONMEMORATIVOS | |
| 700 | 1 | |a Tutor: |b Fonseca Zambrana, Mario Noel | |
| 942 | |c BK |2 ddc | ||
| 991 | |a TESIS | ||
| 999 | |c 21324 | ||